000 00904cam a22002174a 4500
005 20250605164138.0
008 250528s ||||||||||||||||||||||||d
035 _a18855
020 _a669929992
040 _aGR-AtMCL
_bgre
_dGR-AtMCL
_eAACR2
245 1 _aTelevision Economics
260 _bLexington Books,
_c1974
300 _a222
520 _aPreface, Economics of Television Program Markets, Introduction, The Supply of Programming, Theories of Program Choice, The Behavior of Networks, Public Policy Toward Television, Improving Television Performance with Limited Channels, Improving Television Performance with Unlimited Channels, Public Television, Related Policy Issues, Bibliography, Index, About the Authors.
700 1 _aBeebe Jack H.
_95127
700 1 _aManning Willard G. Jr
_95128
700 1 _aOwen Bruce M
_95129
942 _cBK
999 _c4164
_d4164